000 00645nam a2200181Ia 4500
008 100920s9999 xx 000 0 und d
082 _b59326
_a891.463.1 थ 88
100 _aभावे अनंत.
245 _aदुरंगी हेराशी सामना.
260 _bश्रीविशाखा प्रकाशन, पुणे 30.
_c1988
300 _a152
_bसाधी
365 _b40
520 _aलघुकथा.
630 _aदुरंगी हेराशी सामना.
650 _aलघुकथा.
730 _aदुरंगी हेराशी सामना.
942 _cBOOK
999 _c702766
_d702763